00440nam a2200133Ia 4500008004100000100002300041245007000064245002300134260005300157260000900210300001100219650001500230856006100245170221s9999 xx 000 0 und d aLiana R. Barashyan 4aThe Relation of Financial, Tax and Administrative Responsibility  cLiana R. Barashyan bInternational Review of Management and Marketing c2016 a6 : 6S xMarketing. uhttp://www.econjournals.com/index.php/irmm/issue/view/86